Statistics for British Overseas Territories

Click here to take the quiz!

General Stats

  • This quiz has been taken 46 times
    (44 since last reset)
  • The average score is 10 of 16

Answer Stats

LocationTerritory% Correct
North Atlantic OceanBermuda
86%
Iberian PeninsulaGibraltar
81%
CaribbeanAnguilla
75%
South Atlantic OceanFalkland Islands
75%
CaribbeanCayman Islands
72%
CaribbeanBritish Virgin Islands
69%
CaribbeanMontserrat
67%
Indian OceanBritish Indian Ocean Territory
64%
Pacific OceanPitcairn Islands
64%
AntarcticaBritish Antarctic Territory
58%
South Atlantic OceanSaint Helena
58%
South Atlantic OceanTristan da Cunha
58%
Lucayan ArchipelagoTurks and Caicos Islands
58%
CyprusAkrotiri and Dhekelia
56%
South AtlanticAscension Island
47%
South Atlantic OceanSouth Georgia and the South Sandwich Islands
42%

Score Distribution

Percentile by Number Answered

Percent of People with Each Score

Your Score History

You have not taken this quiz since the last reset